[Event "February TNT"]
[Site "Winnipeg CAN"]
[Date "2010.02.02"]
[Round "1"]
[White "Moussou, Julien"]
[Black "Kast, Harry"]
[Result "0-1"]
[WhiteElo "1827"]
[BlackElo "1452"]
[PlyCount "69"]
[EventDate "2010.02.02"]
[EventType "swiss"]
[EventRounds "4"]
[EventCountry "CAN"]

1. e4 d5 2. exd5 Nf6 3. c4 e6 4. d4 Bb4+ 5. Nc3 Qe7 6. d6 cxd6 7. a3 Bxc3+ 8.
bxc3 O-O 9. Bd3 e5 10. d5 Na6 11. Ne2 Bg4 12. O-O Bxe2 13. Qxe2 Nc5 14. Bc2
Nfd7 15. a4 a5 16. Be3 f5 17. Bxc5 Nxc5 18. f4 e4 19. Rf3 Qh4 20. Rh3 Qxf4 21.
Rf1 Qe5 22. Qh5 h6 23. Rg3 Qf6 24. Rf4 g5 25. h4 g4 26. Rgxg4+ Kh7 27. Rg5 Rg8
28. Rgxf5 Qg6 29. Qxg6+ Rxg6 30. Bxe4 Nxe4 31. Rxe4 Rag8 32. Rf2 R8g7 33. Kh2
h5 34. Ree2 Rg4 35. g3 0-1

[Event "February TNT"]
[Site "Winnipeg CAN"]
[Date "2010.02.02"]
[Round "1"]
[White "Rutter, Nicholas"]
[Black "Ott, Wolfgang"]
[Result "1-0"]
[WhiteElo "1883"]
[BlackElo "1618"]
[PlyCount "97"]
[EventDate "2010.02.02"]
[EventType "swiss"]
[EventRounds "4"]
[EventCountry "CAN"]

1. c4 c5 2. g3 g6 3. Bg2 Bg7 4. Nc3 e6 5. e4 Nc6 6. Nge2 Nge7 7. O-O O-O 8. d3
d6 9. Be3 Re8 10. Qd2 a6 11. f4 Rb8 12. a4 Nd4 13. Rae1 Bd7 14. h3 Qc7 15. Kh2
f5 16. Ng1 Bc6 17. Nf3 Nxf3+ 18. Bxf3 Qd7 19. b3 b6 20. d4 fxe4 21. Bxe4 Nf5
22. Bxf5 gxf5 23. d5 Bb7 24. Rd1 e5 25. Qc2 e4 26. Rd2 Bf6 27. Re2 Qg7 28. Nd1
Kh8 29. Bc1 Re7 30. Ne3 Qg6 31. Bb2 Bd4 32. Rd1 Rg8 33. Rg2 Bc8 34. Rxd4 cxd4
35. Bxd4+ Reg7 36. Bxb6 h5 37. Bd4 Kh7 38. Bxg7 Qxg7 39. Qb2 Qa7 40. Qc3 h4 41.
b4 hxg3+ 42. Rxg3 Rxg3 43. Kxg3 Qf7 44. Qd2 Qg6+ 45. Kh2 Qh6 46. Qf2 Bd7 47. b5
axb5 48. axb5 Be8 49. Nxf5 1-0

[Event "February TNT"]
[Site "Winnipeg CAN"]
[Date "2010.02.09"]
[Round "2"]
[White "Joventino, R."]
[Black "Greenberg, Joe"]
[Result "1-0"]
[WhiteElo "1849"]
[BlackElo "1748"]
[PlyCount "57"]
[EventDate "2010.02.02"]
[EventType "swiss"]
[EventRounds "4"]
[EventCountry "CAN"]

1. e4 c5 2. Nf3 Nc6 3. d4 cxd4 4. Nxd4 Nf6 5. Nc3 e5 6. Ndb5 d6 7. Bc4 a6 8.
Na3 Be7 9. Bb3 O-O 10. O-O b5 11. Nd5 Be6 12. Nxf6+ gxf6 13. Bh6 Nd4 14. Bxe6
Nxe6 15. Qg4+ Kh8 16. Bxf8 Bxf8 17. Rad1 Qc7 18. c3 Rb8 19. Rd2 b4 20. cxb4
Rxb4 21. Rc2 Qb7 22. b3 Rxe4 23. Qf3 Nd4 24. Qxf6+ Kg8 25. Rb2 a5 26. Nb1 Ne2+
27. Kh1 Qb5 28. Rd1 d5 29. Qf3 1-0

[Event "February TNT"]
[Site "Winnipeg CAN"]
[Date "2010.02.09"]
[Round "2"]
[White "Kast, Harry"]
[Black "Czyrnek, Stanislaw"]
[Result "0-1"]
[WhiteElo "1452"]
[BlackElo "1932"]
[PlyCount "75"]
[EventDate "2010.02.02"]
[EventType "swiss"]
[EventRounds "4"]
[EventCountry "CAN"]

1. d4 d5 2. Bg5 Nf6 3. e3 e6 4. Nd2 c5 5. c3 Nc6 6. Ngf3 Bd7 7. Ne5 cxd4 8.
Bxf6 gxf6 9. Nxd7 dxe3 10. Nxf8 exd2+ 11. Qxd2 Kxf8 12. O-O-O Qa5 13. Kb1 Rd8
14. Qf4 Ke7 15. h4 b5 16. Rh3 Ne5 17. g4 Ng6 18. Qd4 Qb6 19. Qxb6 axb6 20. Bxb5
Ne5 21. Be2 Rhg8 22. Rd4 Nc6 23. Rd1 h6 24. a4 Ra8 25. b3 Rgc8 26. Re3 Rd8 27.
Kb2 d4 28. cxd4 Nxd4 29. Rd2 Nxe2 30. Rexe2 Rg8 31. f3 h5 32. Re4 hxg4 33. fxg4
Rh8 34. h5 e5 35. b4 Ke6 36. Rde2 Rhg8 37. Kb3 Rad8 38. Rh2 0-1

[Event "February TNT"]
[Site "Winnipeg CAN"]
[Date "2010.02.09"]
[Round "2"]
[White "Kernighan, Mark"]
[Black "Rutter, Nicholas"]
[Result "1-0"]
[WhiteElo "2003"]
[BlackElo "1883"]
[PlyCount "91"]
[EventDate "2010.02.02"]
[EventType "swiss"]
[EventRounds "4"]
[EventCountry "CAN"]

1. d4 d6 2. Nf3 Nd7 3. c4 e6 4. Nc3 Ngf6 5. e4 Be7 6. Be2 O-O 7. O-O c5 8. d5
e5 9. a3 h6 10. Ne1 g5 11. Be3 Ne8 12. b4 b6 13. Rb1 Ng7 14. Bd3 f5 15. exf5
Nxf5 16. Bxf5 Rxf5 17. Qd3 Qf8 18. Nc2 Rf7 19. Bd2 Nf6 20. Ne3 Ng4 21. bxc5
bxc5 22. Qe2 Nf6 23. Qd3 Ne8 24. Ne4 Ng7 25. Ng3 Rf4 26. Qc2 Rf6 27. Qa4 Qd8
28. Qc2 Bd7 29. Rb7 Be8 30. Qb3 Bg6 31. Ng4 Kh7 32. Nxf6+ Bxf6 33. f3 h5 34.
Ne4 Kh6 35. h4 Bxe4 36. fxe4 Kg6 37. hxg5 Be7 38. Qf3 Qe8 39. Qh3 Qd8 40. Qg3
a5 41. Rf6+ Kh7 42. Rf7 Bf8 43. g6+ Kg8 44. Bg5 Qe8 45. Bf6 Qa4 46. Bxg7 1-0

[Event "February TNT"]
[Site "Winnipeg CAN"]
[Date "2010.02.09"]
[Round "2"]
[White "Lipoka, J."]
[Black "Letarte-Lavoie, Francis"]
[Result "1-0"]
[WhiteElo "2253"]
[BlackElo "1595"]
[PlyCount "67"]
[EventDate "2010.02.02"]
[EventType "swiss"]
[EventRounds "4"]
[EventCountry "CAN"]

1. e4 e5 2. Nf3 Nf6 3. Nxe5 d6 4. Nf3 Nxe4 5. Nc3 Nxc3 6. dxc3 Be7 7. Be3 O-O
8. Qd2 Nc6 9. O-O-O Be6 10. Kb1 Ne5 11. b3 Re8 12. Ng5 Bf6 13. Nxe6 Rxe6 14.
Be2 Re8 15. g4 Be7 16. g5 c6 17. c4 Qd7 18. Rdg1 Qf5 19. f4 Ng6 20. Bd3 Qd7 21.
h4 Nf8 22. f5 Bd8 23. f6 Rxe3 24. Qxe3 Bb6 25. Qf3 Bxg1 26. Rxg1 g6 27. h5 Ne6
28. hxg6 fxg6 29. Qg3 c5 30. Be4 Kf7 31. Bd5 Re8 32. Qg2 Kf8 33. Qh1 Nf4 34.
Qh6+ 1-0

[Event "February TNT"]
[Site "Winnipeg CAN"]
[Date "2010.02.09"]
[Round "2"]
[White "Van Wyk, Wessel"]
[Black "Green, Arnold"]
[Result "1/2-1/2"]
[WhiteElo "2061"]
[BlackElo "1913"]
[PlyCount "50"]
[EventDate "2010.02.02"]
[EventType "swiss"]
[EventRounds "4"]
[EventCountry "CAN"]

1. e4 c5 2. c3 Nf6 3. e5 Nd5 4. d4 cxd4 5. cxd4 e6 6. Nc3 Nxc3 7. bxc3 d6 8. f4
Be7 9. Nf3 d5 10. Bd3 a6 11. O-O Qc7 12. Bd2 Nd7 13. f5 Nb6 14. Ng5 Bxg5 15.
Bxg5 Nc4 16. f6 g6 17. Qb3 b5 18. Qb4 Bb7 19. Rf3 O-O-O 20. a4 Bc6 21. axb5
Bxb5 22. Rf2 Qc6 23. Rfa2 Rd7 24. Bc2 Rb7 25. Bc1 Rd8 1/2-1/2

[Event "February TNT"]
[Site "Winnipeg CAN"]
[Date "2010.02.16"]
[Round "3"]
[White "Campbell, Gordon"]
[Black "Einarsson, Kristinn"]
[Result "0-1"]
[WhiteElo "1630"]
[BlackElo "1752"]
[PlyCount "34"]
[EventDate "2010.02.02"]
[EventType "swiss"]
[EventRounds "4"]
[EventCountry "CAN"]

1. d4 d5 2. c4 e6 3. Nc3 Nf6 4. cxd5 exd5 5. Bg5 Be7 6. Qc2 O-O 7. e3 Nc6 8. a3
h6 9. Bh4 Re8 10. Bd3 Ng4 11. Bg3 Bg5 12. Nge2 Bxe3 13. fxe3 Nxe3 14. Qc1 Nxg2+
15. Kd2 Ne3 16. Bf4 Na5 17. Bc2 Nac4+ 0-1

[Event "February TNT"]
[Site "Winnipeg CAN"]
[Date "2010.02.16"]
[Round "3"]
[White "Green, Arnold"]
[Black "Lipoka, J."]
[Result "0-1"]
[WhiteElo "1913"]
[BlackElo "2253"]
[PlyCount "60"]
[EventDate "2010.02.02"]
[EventType "swiss"]
[EventRounds "4"]
[EventCountry "CAN"]

1. e4 c5 2. Nf3 d6 3. d4 cxd4 4. Nxd4 Nf6 5. Nc3 a6 6. Be2 e5 7. Nb3 Be7 8. Be3
O-O 9. a4 Be6 10. O-O Nbd7 11. f3 Rc8 12. Qd2 Nb6 13. Na5 Qc7 14. Rfd1 d5 15.
exd5 Nbxd5 16. Nxd5 Nxd5 17. Nc4 b5 18. axb5 axb5 19. Ra7 Qb8 20. Rxe7 Nxe7 21.
Nd6 Rcd8 22. Bxb5 Rxd6 23. Qxd6 Qxb5 24. Qxe7 Qe2 25. Ra1 Qxe3+ 26. Kh1 h6 27.
b4 Rc8 28. b5 Rxc2 29. Qe8+ Kh7 30. b6 Rc1+ 0-1

[Event "February TNT"]
[Site "Winnipeg CAN"]
[Date "2010.02.16"]
[Round "3"]
[White "Greenberg, Joe"]
[Black "Letarte-Lavoie, Francis"]
[Result "1-0"]
[WhiteElo "1748"]
[BlackElo "1595"]
[PlyCount "51"]
[EventDate "2010.02.02"]
[EventType "swiss"]
[EventRounds "4"]
[EventCountry "CAN"]

1. e4 e5 2. Nf3 Nf6 3. d4 Nxe4 4. dxe5 Nc5 5. Bc4 Be7 6. Bxf7+ Kxf7 7. e6+ dxe6
8. Ne5+ Ke8 9. Qh5+ g6 10. Nxg6 hxg6 11. Qxh8+ Bf8 12. O-O Nc6 13. Nc3 Qd4 14.
Qg8 Qg7 15. Qxg7 Bxg7 16. Nb5 Be5 17. Re1 Bd6 18. c3 a6 19. Nxd6+ cxd6 20. Re3
e5 21. f4 Bf5 22. fxe5 dxe5 23. b3 Rd8 24. Ba3 Nd3 25. Rf1 Nf4 26. Rxf4 1-0

[Event "February TNT"]
[Site "Winnipeg CAN"]
[Date "2010.02.16"]
[Round "3"]
[White "Joventino, R."]
[Black "Ott, Wolfgang"]
[Result "1/2-1/2"]
[WhiteElo "1849"]
[BlackElo "2061"]
[PlyCount "84"]
[EventDate "2010.02.02"]
[EventType "swiss"]
[EventRounds "4"]
[EventCountry "CAN"]

1. e4 c6 2. d4 d5 3. Nc3 dxe4 4. Nxe4 Bf5 5. Ng3 Bg6 6. Nf3 Nd7 7. h4 h6 8. h5
Bh7 9. Bd3 Bxd3 10. Qxd3 Ngf6 11. c4 e6 12. O-O Bd6 13. d5 cxd5 14. cxd5 Nxd5
15. Nf5 Bf8 16. Re1 Nc5 17. Qc4 Rc8 18. Qd4 Nf6 19. Qc4 Qd3 20. Qf4 Nxh5 21.
Qe5 Nd7 22. Nd6+ Bxd6 23. Qxh5 O-O 24. Be3 Nf6 25. Qh3 Bc5 26. Rad1 Qf5 27.
Qxf5 exf5 28. Bxc5 Rxc5 29. Re7 Rb5 30. b3 Re8 31. Rc7 g6 32. Rd2 Kf8 33. Kf1
Re7 34. Rc8+ Ne8 35. Rdd8 a5 36. Nd2 Rbe5 37. g3 b5 38. Ra8 g5 39. Rxa5 Kg7 40.
Nf3 Rc5 41. Nd4 g4 42. f3 Nf6 1/2-1/2

[Event "February TNT"]
[Site "Winnipeg CAN"]
[Date "2010.02.16"]
[Round "3"]
[White "Lipinska, Malgorzata"]
[Black "Moussou, Julien"]
[Result "1/2-1/2"]
[WhiteElo "1825"]
[BlackElo "1827"]
[PlyCount "69"]
[EventDate "2010.02.02"]
[EventType "swiss"]
[EventRounds "4"]
[EventCountry "CAN"]

1. f4 d5 2. Nf3 Bg4 3. e3 Nc6 4. h3 Bxf3 5. Qxf3 e5 6. Nc3 e4 7. Qf2 Bb4 8. Bb5
Nge7 9. Ne2 Qd6 10. Nd4 O-O-O 11. Nxc6 Nxc6 12. a3 Bc5 13. b4 Bb6 14. c3 d4 15.
Bxc6 dxe3 16. Bxb7+ Kxb7 17. Qe2 exd2+ 18. Bxd2 e3 19. Bc1 Qxf4 20. Qf3+ Qxf3
21. gxf3 Rd3 22. c4 Rhd8 23. Ke2 c5 24. Bxe3 cxb4 25. c5 Rxe3+ 26. Kxe3 Bxc5+
27. Ke4 Rd4+ 28. Ke5 f6+ 29. Ke6 bxa3 30. Rhd1 Rh4 31. Rd5 Kb6 32. Rxc5 Kxc5
33. Rxa3 Rxh3 34. Rxa7 Rxf3 35. Rxg7 1/2-1/2

[Event "February TNT"]
[Site "Winnipeg CAN"]
[Date "2010.02.16"]
[Round "3"]
[White "Rutter, Nicholas"]
[Black "Kast, Harry"]
[Result "1-0"]
[WhiteElo "1883"]
[BlackElo "1452"]
[PlyCount "77"]
[EventDate "2010.02.02"]
[EventType "swiss"]
[EventRounds "4"]
[EventCountry "CAN"]

1. c4 c5 2. g3 e6 3. Bg2 Nf6 4. e4 Nc6 5. Nc3 d6 6. Nge2 Rb8 7. O-O Bd7 8. d3
a6 9. Be3 e5 10. h3 h6 11. Qd2 Qc8 12. Kh2 b5 13. b3 Be7 14. f4 g5 15. f5 bxc4
16. dxc4 Nd4 17. Rac1 Bc6 18. Bxd4 cxd4 19. Nd5 Qb7 20. Rce1 Kd7 21. Nxd4 Bxd5
22. exd5 exd4 23. Qxd4 Kd8 24. Re2 Kc8 25. Rc1 Qd7 26. c5 Bd8 27. cxd6+ Kb7 28.
Rc6 Rc8 29. Rec2 Ra8 30. Qb4+ Ka7 31. Rc7+ Bxc7 32. Rxc7+ Qxc7 33. dxc7 Nd7 34.
Qd4+ Nb6 35. d6 Rac8 36. Qe4 Rb8 37. cxb8=Q+ Rxb8 38. Qe7+ Rb7 39. Qxb7# 1-0

[Event "February TNT"]
[Site "Winnipeg CAN"]
[Date "2010.02.23"]
[Round "4"]
[White "Green, Arnold"]
[Black "Lipinska, Malgorzata"]
[Result "1-0"]
[WhiteElo "1913"]
[BlackElo "1825"]
[PlyCount "39"]
[EventDate "2010.02.02"]
[EventType "swiss"]
[EventRounds "4"]
[EventCountry "CAN"]

1. e4 c6 2. d4 d5 3. exd5 cxd5 4. c4 Nf6 5. Nc3 Nc6 6. Nf3 Bg4 7. cxd5 Nxd5 8.
Bc4 Ndb4 9. O-O Bxf3 10. Qxf3 e6 11. d5 exd5 12. Nxd5 Ne5 13. Bb5+ Nbc6 14. Qe4
f6 15. f4 a6 16. fxe5 axb5 17. exf6+ Kf7 18. fxg7+ Kxg7 19. Qg4+ Qg5 20. Qxg5#
1-0

[Event "February TNT"]
[Site "Winnipeg CAN"]
[Date "2010.02.23"]
[Round "4"]
[White "Kast, Harry"]
[Black "Ott, Wolfgang"]
[Result "1-0"]
[WhiteElo "1452"]
[BlackElo "1618"]
[PlyCount "67"]
[EventDate "2010.02.02"]
[EventType "swiss"]
[EventRounds "4"]
[EventCountry "CAN"]

1. d4 d5 2. Bg5 Nf6 3. c4 e6 4. Nf3 Be7 5. e3 O-O 6. Nc3 Nc6 7. Bxf6 Bxf6 8.
cxd5 Nb4 9. dxe6 Bxe6 10. a3 Nd5 11. Be2 c5 12. O-O cxd4 13. Nxd5 Bxd5 14. Nxd4
Qb6 15. b4 Rfd8 16. Rc1 Be5 17. f4 Bb8 18. Qc2 a6 19. Rfd1 Ba7 20. Qc3 Qg6 21.
Bf3 Bxf3 22. Nxf3 Qe4 23. Nd4 h5 24. h4 Rd6 25. Qd3 Qd5 26. Qf5 Qxf5 27. Nxf5
Re6 28. Rd3 Rae8 29. Kf2 Rf6 30. Nd4 Rd8 31. Kf3 Rfd6 32. Rcd1 g6 33. Ke2 Kg7
34. Nf5+ 1-0

[Event "February TNT"]
[Site "Winnipeg CAN"]
[Date "2010.02.23"]
[Round "4"]
[White "Kernighan, Mark"]
[Black "Lipoka, J."]
[Result "1-0"]
[WhiteElo "2253"]
[BlackElo "2003"]
[PlyCount "109"]
[EventDate "2010.02.02"]
[EventType "swiss"]
[EventRounds "4"]
[EventCountry "CAN"]

1. d4 Nf6 2. c4 e6 3. Nf3 d5 4. Nc3 c6 5. e3 Nbd7 6. Qc2 Bd6 7. Be2 O-O 8. O-O
dxc4 9. Bxc4 e5 10. dxe5 Nxe5 11. Be2 Qe7 12. e4 Nfg4 13. g3 Bc5 14. Bf4 Nxf3+
15. Bxf3 g5 16. Bd2 Ne5 17. Bg2 g4 18. Bf4 Nf3+ 19. Kh1 Nd4 20. Qd2 Rd8 21.
Rad1 Be6 22. Qc1 Bc4 23. Rfe1 b5 24. Be3 Qe5 25. b3 Be6 26. Ne2 Rac8 27. Bf4
Qh5 28. Be3 Nf3 29. Bxf3 Rxd1 30. Rxd1 Bxe3 31. Qxe3 gxf3 32. Nf4 Qg4 33. Qxa7
c5 34. Qe7 Kg7 35. h3 Re8 36. Qxe8 Qg5 37. Qxe6 fxe6 38. Nxe6+ Kf6 39. Nxg5
Kxg5 40. Rd5+ Kf6 41. Rxc5 b4 42. Rf5+ Ke6 43. Rxf3 Ke5 44. Re3 Kd4 45. Kg2 h5
46. e5 h4 47. gxh4 Kc5 48. e6 Kd6 49. e7 Kc7 50. e8=Q Kb6 51. Re6+ Kc5 52. Rc6+
Kd4 53. Qd7+ Ke4 54. Re6+ Kf4 55. Qf7# 1-0

[Event "February TNT"]
[Site "Winnipeg CAN"]
[Date "2010.02.23"]
[Round "4"]
[White "Moussou, Julien"]
[Black "Einarsson, Kristinn"]
[Result "0-1"]
[WhiteElo "1827"]
[BlackElo "1752"]
[PlyCount "48"]
[EventDate "2010.02.02"]
[EventType "swiss"]
[EventRounds "4"]
[EventCountry "CAN"]

1. e4 e5 2. Nf3 Nc6 3. Bc4 Bc5 4. b4 Bxb4 5. c3 Ba5 6. d4 exd4 7. O-O dxc3 8.
Qb3 Qe7 9. Nxc3 Bxc3 10. Qxc3 Nf6 11. Ba3 d6 12. e5 Ne4 13. Qc2 Nc5 14. exd6
cxd6 15. Bxc5 dxc5 16. Rfe1 Be6 17. Rxe6 fxe6 18. Re1 O-O-O 19. Bxe6+ Kb8 20.
Bb3 Qd6 21. Ng5 Rhe8 22. Rc1 Qe7 23. Nf3 Nd4 24. Qb1 Ne2+ 0-1

[Event "February TNT"]
[Site "Winnipeg CAN"]
[Date "2010.02.23"]
[Round "4"]
[White "Van Wyk, Wessel"]
[Black "Rutter, Nicholas"]
[Result "1-0"]
[WhiteElo "2061"]
[BlackElo "1883"]
[PlyCount "55"]
[EventDate "2010.02.02"]
[EventType "swiss"]
[EventRounds "4"]
[EventCountry "CAN"]

1. e4 e6 2. c4 c5 3. Nc3 Nc6 4. Nf3 d6 5. d4 cxd4 6. Nxd4 Nf6 7. Be2 e5 8. Ndb5
a6 9. Na3 Be7 10. O-O O-O 11. Be3 Be6 12. f4 exf4 13. Rxf4 Ne5 14. Nc2 Bxc4 15.
Nd4 Bxe2 16. Qxe2 Rc8 17. Rd1 Nc4 18. Bf2 Re8 19. Nf5 Bf8 20. Kh1 Qa5 21. Bh4
Qe5 22. Rdf1 Nxb2 23. Nh6+ gxh6 24. Bxf6 Qxf6 25. Rxf6 Bg7 26. Rxf7 Rc5 27.
Rxg7+ Kxg7 28. Qxb2 1-0

[Event "Futurity 1"]
[Site "Winnipeg CAN"]
[Date "2010.01.05"]
[Round "1"]
[White "Kapu, Jeno"]
[Black "Niks, E."]
[Result "1/2-1/2"]
[WhiteElo "1998"]
[BlackElo "2121"]
[PlyCount "51"]
[EventDate "2010.01.05"]
[EventType "tourn"]
[EventRounds "7"]
[EventCountry "CAN"]

1. d4 Nf6 2. Nf3 e6 3. e3 b6 4. Bd3 Bb7 5. O-O d5 6. c4 Bd6 7. Nc3 c6 8. e4
dxe4 9. Nxe4 Nxe4 10. Bxe4 Nd7 11. Qa4 Qc7 12. b4 b5 13. Qb3 bxc4 14. Qxc4 Nf6
15. Bd3 O-O 16. Re1 Nd5 17. a3 a5 18. bxa5 Rxa5 19. Bd2 Rxa3 20. Rxa3 Bxa3 21.
Bxh7+ Kxh7 22. Qd3+ Kg8 23. Qxa3 Ra8 24. Qd3 c5 25. dxc5 Qxc5 26. Rc1 1/2-1/2

[Event "Futurity 1"]
[Site "Winnipeg CAN"]
[Date "2010.01.05"]
[Round "1"]
[White "Lauritzen, S."]
[Black "Boron, Julien"]
[Result "0-1"]
[WhiteElo "1920"]
[BlackElo "2038"]
[PlyCount "85"]
[EventDate "2010.01.05"]
[EventType "tourn"]
[EventRounds "7"]
[EventCountry "CAN"]

1. d4 Nf6 2. c4 e6 3. Nc3 Bb4 4. Qc2 d5 5. cxd5 Qxd5 6. Nf3 Qf5 7. Qxf5 exf5 8.
Bd2 c6 9. e3 Be6 10. Bd3 Nbd7 11. O-O O-O 12. a3 Bd6 13. b4 a5 14. b5 c5 15. a4
Rfd8 16. Bc2 Nb6 17. Rfd1 Rac8 18. Be1 cxd4 19. Nxd4 Bb4 20. Nde2 g6 21. Rxd8+
Rxd8 22. Rd1 Rc8 23. Bd3 Bb3 24. Rb1 Be6 25. e4 Ng4 26. exf5 gxf5 27. Bc2 Ne5
28. Kf1 Bc4 29. Bxf5 Re8 30. Ne4 Bxe1 31. Nf6+ Kf8 32. Nxe8 Bb4 33. Rxb4 axb4
34. Nd6 Nxa4 35. Nxc4 Nxc4 36. Bxh7 b3 37. Ke1 Nd6 38. Bd3 b2 39. Kd2 Nxb5 40.
Kc2 Na3+ 41. Kb3 Nc5+ 42. Kxa3 Nxd3 43. f3 0-1

[Event "Futurity 1"]
[Site "Winnipeg CAN"]
[Date "2010.01.05"]
[Round "1"]
[White "Zadgorski, Michael"]
[Black "Babb, Jeff"]
[Result "0-1"]
[WhiteElo "2112"]
[BlackElo "2084"]
[PlyCount "62"]
[EventDate "2010.01.05"]
[EventType "tourn"]
[EventRounds "7"]
[EventCountry "CAN"]

1. e4 e5 2. Nf3 Nc6 3. Bb5 Nd4 4. Nxd4 exd4 5. d3 c6 6. Bc4 d5 7. exd5 cxd5 8.
Qe2+ Be7 9. Bb3 Be6 10. O-O Nf6 11. Nd2 O-O 12. Qe5 Qb6 13. Nf3 Ng4 14. Qg3 a5
15. a4 Rac8 16. h3 Nf6 17. Qh4 Bc5 18. Bf4 Nd7 19. Rfe1 Rfe8 20. Ne5 Nf8 21.
Qh5 Bb4 22. Re2 Qd8 23. Nf3 Ng6 24. Bg3 Qb6 25. Ng5 Nf8 26. Rxe6 Nxe6 27. Qxh7+
Kf8 28. Bh4 f6 29. Nf3 Rcd8 30. Qf5 Qd6 31. Bxf6 gxf6 0-1

[Event "Futurity 1"]
[Site "Winnipeg CAN"]
[Date "2010.01.05"]
[Round "1.7"]
[White "Khegai, Angela"]
[Black "Schulz, Wilhelm"]
[Result "1/2-1/2"]
[WhiteElo "1976"]
[BlackElo "1998"]
[PlyCount "86"]
[EventDate "2010.01.05"]
[EventType "tourn"]
[EventRounds "7"]
[EventCountry "CAN"]

1. e4 c5 2. Nf3 e6 3. d4 cxd4 4. Nxd4 a6 5. Nc3 Qc7 6. Bd3 Bd6 7. Qg4 h5 8. Qe2
Nc6 9. Be3 Nf6 10. h3 b5 11. Nxc6 Qxc6 12. Bg5 Be5 13. Nd1 Bb7 14. f4 Bxb2 15.
Nxb2 Qc3+ 16. Kf2 Qxb2 17. Rhe1 Qd4+ 18. Qe3 Qxe3+ 19. Rxe3 d5 20. Bxf6 gxf6
21. a4 dxe4 22. Bxe4 Bxe4 23. Rxe4 O-O 24. Rb4 bxa4 25. Rbxa4 Rfc8 26. R1a2 Rc6
27. Ke2 Rac8 28. Kd2 Rd8+ 29. Kc1 Rdd6 30. R2a3 Kf8 31. Rb4 Ke7 32. f5 Rd5 33.
Rb7+ Kd6 34. fxe6 fxe6 35. Rf3 Rdc5 36. Rf2 a5 37. Rf7 Ke5 38. Rh7 Ke4 39. Rh6
f5 40. Re2+ Kf4 41. Rxh5 Rc3 42. Kb2 Re3 43. Rd2 Rb6+ 1/2-1/2

[Event "Futurity 1"]
[Site "Winnipeg CAN"]
[Date "2010.01.12"]
[Round "2"]
[White "Babb, Jeff"]
[Black "Niks, E."]
[Result "1-0"]
[WhiteElo "2084"]
[BlackElo "2121"]
[PlyCount "101"]
[EventDate "2010.01.05"]
[EventType "tourn"]
[EventRounds "7"]
[EventCountry "CAN"]

1. f4 d5 2. e3 c5 3. b3 Nf6 4. Bb2 e6 5. Nf3 Nc6 6. Bb5 Qb6 7. Bxc6+ bxc6 8.
O-O c4 9. Nc3 Ba6 10. Re1 c5 11. Na4 Qc6 12. Ne5 Qc7 13. bxc4 dxc4 14. Qf3 Bb7
15. Qe2 Bc6 16. Qxc4 Rb8 17. Nxc6 Qxc6 18. Bc3 Ne4 19. Rab1 Bd6 20. Rxb8+ Bxb8
21. Nb2 Nd6 22. Qa4 Kd7 23. Nd3 Qxa4 24. Nxc5+ Kc6 25. Nxa4 Kb5 26. Bxg7 Rg8
27. Nc3+ Kc6 28. Be5 Nc4 29. Bxb8 Rxb8 30. Rb1 Rd8 31. d3 Nxe3 32. Rb2 Rg8 33.
g3 h5 34. Kf2 Ng4+ 35. Kg2 e5 36. fxe5 Nxe5 37. Ne2 h4 38. Nd4+ Kc5 39. Nf5
hxg3 40. d4+ Kc4 41. dxe5 gxh2+ 42. Kxh2 Kc3 43. Rb7 Re8 44. Rc7+ Kb2 45. Ne3
Kxa2 46. Rxa7+ Kb1 47. Ng4 Kxc2 48. Rxf7 Kd3 49. Rd7+ Kc4 50. Kg3 Kc5 51. Kf4
1-0

[Event "Futurity 1"]
[Site "Winnipeg CAN"]
[Date "2010.01.12"]
[Round "2"]
[White "Boron, Julien"]
[Black "Khegai, Angela"]
[Result "0-1"]
[WhiteElo "2038"]
[BlackElo "1976"]
[PlyCount "96"]
[EventDate "2010.01.05"]
[EventType "tourn"]
[EventRounds "7"]
[EventCountry "CAN"]

1. d4 Nf6 2. Nf3 g6 3. Nc3 d5 4. Bf4 Bg7 5. e3 O-O 6. h3 a6 7. Be2 e6 8. Ne5 c5
9. Qd2 Nc6 10. O-O cxd4 11. exd4 Qb6 12. Nxc6 bxc6 13. Na4 Qa7 14. Nc5 Nd7 15.
Nxd7 Bxd7 16. c3 Rfe8 17. Bd3 c5 18. dxc5 Qxc5 19. Be3 Qc7 20. Rac1 e5 21. Bh6
Bxh6 22. Qxh6 e4 23. Be2 Qb6 24. b3 Rad8 25. Qe3 Qxe3 26. fxe3 Bb5 27. Bxb5
axb5 28. Rf6 Re6 29. Rxe6 fxe6 30. c4 Rc8 31. c5 Kf7 32. b4 Ke7 33. Kf2 Kd7 34.
Kg3 e5 35. a4 bxa4 36. b5 a3 37. c6+ Kc7 38. Ra1 Ra8 39. Kg4 a2 40. Kg5 Ra3 41.
Kf6 d4 42. Kxe5 dxe3 43. Kd5 e2 44. Kc5 Ra5 45. g4 e1=Q 46. Rxe1 a1=Q 47. Rxa1
Rxa1 48. b6+ Kc8 0-1

[Event "Futurity 1"]
[Site "Winnipeg CAN"]
[Date "2010.01.12"]
[Round "2"]
[White "Schulz, Wilhelm"]
[Black "Kapu, Jeno"]
[Result "1/2-1/2"]
[WhiteElo "1998"]
[BlackElo "1998"]
[PlyCount "37"]
[EventDate "2010.01.05"]
[EventType "tourn"]
[EventRounds "7"]
[EventCountry "CAN"]

1. Nf3 d5 2. g3 Nf6 3. Bg2 c6 4. O-O Bf5 5. d4 h6 6. c4 e6 7. Nc3 Nbd7 8. b3
Bb4 9. Bb2 O-O 10. a3 Ba5 11. b4 Bc7 12. Qb3 Ne4 13. Nxe4 Bxe4 14. Nd2 Bxg2 15.
Kxg2 Nf6 16. Rac1 Re8 17. Rfe1 Bb6 18. Rcd1 a5 19. e4 1/2-1/2

[Event "Futurity 1"]
[Site "Winnipeg CAN"]
[Date "2010.01.12"]
[Round "2"]
[White "Zadgorski, Michael"]
[Black "Lauritzen, S."]
[Result "1-0"]
[WhiteElo "2112"]
[BlackElo "1920"]
[PlyCount "45"]
[EventDate "2010.01.05"]
[EventType "tourn"]
[EventRounds "7"]
[EventCountry "CAN"]

1. e4 c5 2. Nf3 e6 3. d4 cxd4 4. Nxd4 Nc6 5. Nc3 a6 6. Nxc6 bxc6 7. e5 Qc7 8.
f4 d6 9. exd6 Bxd6 10. Ne4 Be7 11. Bd3 Nf6 12. Qe2 Bb7 13. O-O O-O 14. Bd2 c5
15. Bc3 Nxe4 16. Bxe4 Bxe4 17. Qxe4 Rad8 18. Rae1 Bd6 19. Re3 Qb8 20. Rh3 g6
21. Rff3 e5 22. fxe5 Rde8 23. Qh4 1-0

[Event "Futurity 1"]
[Site "Winnipeg CAN"]
[Date "2010.01.19"]
[Round "3"]
[White "Kapu, Jeno"]
[Black "Boron, Julien"]
[Result "0-1"]
[WhiteElo "1998"]
[BlackElo "2038"]
[PlyCount "80"]
[EventDate "2010.01.05"]
[EventType "tourn"]
[EventRounds "7"]
[EventCountry "CAN"]

1. d4 Nf6 2. c4 e6 3. Nc3 Bb4 4. a3 Bxc3+ 5. bxc3 d5 6. e3 O-O 7. Bd3 b6 8. Ne2
c5 9. O-O Ba6 10. cxd5 Bxd3 11. Qxd3 exd5 12. Ng3 Re8 13. f3 Nc6 14. Bb2 Na5
15. Rad1 Nc4 16. Bc1 Qc7 17. e4 cxd4 18. cxd4 dxe4 19. fxe4 Re6 20. d5 Qc5+ 21.
Qd4 Ree8 22. Rfe1 Rac8 23. Bg5 Ng4 24. h3 f6 25. hxg4 fxg5 26. d6 Rcd8 27. Qxc5
bxc5 28. Rd5 Rxd6 29. Rxc5 Ne5 30. Rc7 Ra6 31. Re3 Nxg4 32. Rb3 Rb6 33. Rxb6
axb6 34. Kf1 Ra8 35. Rc3 Ra4 36. Ke2 Ne5 37. Rc8+ Kf7 38. Rc7+ Kg6 39. Kd1 Rxa3
40. Nf5 Rd3+ 0-1

[Event "Futurity 1"]
[Site "Winnipeg CAN"]
[Date "2010.01.19"]
[Round "3"]
[White "Khegai, Angela"]
[Black "Zadgorski, Michael"]
[Result "0-1"]
[WhiteElo "1976"]
[BlackElo "2112"]
[PlyCount "82"]
[EventDate "2010.01.05"]
[EventType "tourn"]
[EventRounds "7"]
[EventCountry "CAN"]

1. e4 c5 2. Nf3 d6 3. d4 cxd4 4. Nxd4 Nf6 5. Nc3 a6 6. Be2 e6 7. O-O Be7 8. f4
Qc7 9. Be3 O-O 10. Kh1 b5 11. Bf3 Bb7 12. a3 Nbd7 13. Nde2 Rac8 14. Ng3 Nb6 15.
Bxb6 Qxb6 16. e5 dxe5 17. fxe5 Rfd8 18. Qe1 Nd5 19. Nh5 Nxc3 20. Qg3 g6 21.
Bxb7 Qxb7 22. bxc3 Rd2 23. Rf3 Rcd8 24. Raf1 Rd1 25. Nf4 Qe4 26. Nd3 Bh4 27.
Qf4 Qxf4 28. Rxf4 Rxf1+ 29. Rxf1 Rc8 30. c4 Rxc4 31. Rf4 Rxf4 32. Nxf4 Be7 33.
Nd3 Bxa3 34. Kg1 Kf8 35. Kf1 Ke8 36. Ke2 Kd7 37. Ke3 Kc6 38. Kd4 a5 39. g4 Be7
40. c4 bxc4 41. Kxc4 a4 0-1